Riadenie zisku prostredníctvom riadenia objemu produkcie podniku

Pokračovanie článku z predchádzajúceho čísla o riadení zisku v podniku. Stanovenie ďalších ekonomických ukazovateľov, ktoré sú pre maximalizáciu tržieb dôležité.

Salvato in:
Dettagli Bibliografici
Autore principale: Teplická, Katarína
Natura: Capitolo di libro
Lingua:slovacco
Soggetti:
Tags: Aggiungi Tag
Nessun Tag, puoi essere il primo ad aggiungerne!!

MARC

LEADER 00000naa a2200000 4500
001 0166808
005 20230912102421.0
041 0 |a slo 
044 |a SK 
245 1 0 |a Riadenie zisku  |b prostredníctvom riadenia objemu produkcie podniku  |c Katarína Teplická 
520 |a Pokračovanie článku z predchádzajúceho čísla o riadení zisku v podniku. Stanovenie ďalších ekonomických ukazovateľov, ktoré sú pre maximalizáciu tržieb dôležité. 
610 2 0 |a podnik 
610 2 0 |a hospodárenie finančné 
610 2 0 |a riadenie výroby 
610 2 0 |a produkcia 
610 2 0 |a tržby 
610 2 0 |a zisk podnikový 
610 2 0 |a ciele finančné 
610 2 0 |a ukazovatele ekonomické 
100 1 |a Teplická, Katarína